00837 2200289 4500001002100000005001500021035002500036008004100061020002200102040001700124082001600141084001800157100002700175245007300202250001100275260003700286300004300323500003200366650001300398850001200411090002200423090002200445007000300467504003300470999002200503990002200525INLIS00000000001940820200713010157 a0010-041600000000412160420s2015 yoia gr ind d a978-602-1547-60-1 aYOPDYOGbind04222a616.462 a616.462 SAN d0 aSanti Damayantid1980-00aDiabetes mellitus dan penatalaksanaan keperawatan /cSanti Damayanti aCet. 13 aYogyakarta :bNuha Medika,c2015 aviii,146 halaman :bilustrasi ;c21 cm aBibliografi: halaman139-145 4aDiabetes aYOPDYOG aDEP 616.462 SAN d aCB-D.11 2015-1628ta aBibliografi : halaman139-145 aCB-D.11/2015-1628 aCB-D.11/2015-1628